Geomorphology and global tectonics / (Record no. 67420)
[ view plain ]
| 000 -LEADER | |
|---|---|
| fixed length control field | 00982nam a2200277 a 4500 |
| 001 - CONTROL NUMBER | |
| control field | 67420 |
| 003 - CONTROL NUMBER IDENTIFIER | |
| rucl marc code | BD-RjUL |
| 005 - DATE AND TIME OF LATEST TRANSACTION | |
| control field | 20211209081644.0 |
| 008 - FIXED-LENGTH DATA ELEMENTS--GENERAL INFORMATION | |
| fixed length control field | 170325s2000 enkab b 001 0 eng |
| 020 ## - INTERNATIONAL STANDARD BOOK NUMBER | |
| International Standard Book Number | 0471971936 |
| 035 ## - SYSTEM CONTROL NUMBER | |
| System control number | (BD-RjUL)67551 |
| 040 ## - CATALOGING SOURCE | |
| Original cataloging agency | DLC |
| Transcribing agency | DLC |
| Modifying agency | BD-RjUL |
| Language of cataloging | eng |
| 041 ## - LANGUAGE CODE | |
| Language code of text/sound track or separate title | eng |
| 082 00 - DEWEY DECIMAL CLASSIFICATION NUMBER | |
| Classification number | 551.41 |
| Edition number | 23 |
| Author mark and year | GEO 2000 |
| 245 00 - TITLE STATEMENT | |
| Title | Geomorphology and global tectonics / |
| Statement of responsibility, etc. | edited by Michael A. Summerfield. |
| 260 ## - PUBLICATION, DISTRIBUTION, ETC. (IMPRINT) | |
| Place of publication, distribution, etc. | New York : |
| Name of publisher, distributor, etc. | Wiley, |
| Date of publication, distribution, etc. | c2000. |
| 300 ## - PHYSICAL DESCRIPTION | |
| Pagination | xvi, 367 p. : |
| Illustrations | ill. (some col.), maps (some col.) ; |
| Size | 26 cm. |
| 504 ## - BIBLIOGRAPHY, ETC. NOTE | |
| Bibliography, etc | Includes bibliographical references and index. |
| 650 #0 - SUBJECT ADDED ENTRY--TOPICAL TERM | |
| Topical term or geographic name as entry element | Geomorphology. |
| 9 (RLIN) | 199761 |
| Topical term or geographic name as entry element | Morphotectonics. |
| 9 (RLIN) | 199762 |
| 700 1# - ADDED ENTRY--PERSONAL NAME | |
| Personal name | Summerfield, M. A. |
| Fuller form of name | (Michael A.) |
| 856 42 - ELECTRONIC LOCATION AND ACCESS | |
| Materials specified | Publisher description |
| Uniform Resource Identifier | <a href="http://www.loc.gov/catdir/description/wiley032/98043167.html">http://www.loc.gov/catdir/description/wiley032/98043167.html</a> |
| Materials specified | Table of Contents |
| Uniform Resource Identifier | <a href="http://www.loc.gov/catdir/toc/onix02/98043167.html">http://www.loc.gov/catdir/toc/onix02/98043167.html</a> |
| 942 ## - ADDED ENTRY ELEMENTS (KOHA) | |
| Source of classification or shelving scheme | Dewey Decimal Classification |
| Koha item type | Books |
| Lost status | Source of classification or shelving scheme | Damaged status | Not for loan | Collection code | Permanent Location | Current Location | Shelving location | Date acquired | Source of acquisition | Cost, normal purchase price | Total Checkouts | Full call number | Date last seen | Copy number | Koha item type |
|---|---|---|---|---|---|---|---|---|---|---|---|---|---|---|---|
| Dewey Decimal Classification | Not For Loan | Non-fiction | Central Library, University of Rajshahi | Central Library, University of Rajshahi | Reading Room | 16/05/2006 | Dhaka Paragon Enterprises Ltd. | 200.00 | 551.41 GEO 2000 | 25/03/2017 | C-1 | Books |